A strong foundation : how housing is the key to building back a better America : hybrid hearing before the Committee on Financial Services, U.S. House of Representatives, One Hundred Seventeenth Congress, first session, October 21, 2021.

Bibliographic Details
Corporate Author: United States. Congress. House. Committee on Financial Services (Author)
Format: Government Document eBook
Language:English
Published: Washington : U.S. Government Publishing Office, 2021.
Subjects:
Online Access:https://purl.fdlp.gov/GPO/gpo175243

MARC

Tag First Indicator Second Indicator Subfields
LEADER 00000nam a2200000 i 4500
001 in00004586310
003 OCoLC
005 20220224142301.0
006 m o d f
007 cr |||||||||||
008 220224s2022 dcuab ob f000 0 eng c
024 8 |a 46-198  |q (GPO jacket number) 
035 |a (OCoLC)on1299239629 
040 |a GPO  |b eng  |e rda  |e pn  |c GPO  |d GPO  |d MvI 
042 |a pcc 
043 |a n-us--- 
049 |a WWW 
050 4 |a KF27  |b .F55 2021l 
074 |a 1013-E (online) 
086 0 |a Y 4.F 49/20:117-55 
088 |a Serial No. 117-55 (United States. Congress. House. Committee on Financial Services) 
110 1 |a United States.  |b Congress.  |b House.  |b Committee on Financial Services,  |e author. 
245 1 2 |a A strong foundation :  |b how housing is the key to building back a better America : hybrid hearing before the Committee on Financial Services, U.S. House of Representatives, One Hundred Seventeenth Congress, first session, October 21, 2021. 
246 3 0 |a How housing is the key to building back a better America 
264 1 |a Washington :  |b U.S. Government Publishing Office,  |c 2021. 
300 |a 1 online resource (iv, 350 pages) :  |b illustrations, maps 
336 |a text  |b txt  |2 rdacontent 
337 |a computer  |b c  |2 rdamedia 
338 |a online resource  |b cr  |2 rdacarrier 
500 |a Access ID (govinfo): CHRG-117hhrg46198. 
500 |a "Serial no. 117-55." 
500 |a GPO Cataloging Record Distribution Program (CRDP). 
504 |a Includes bibliographical references. 
511 0 |a Hearing witnesses: Chetty, Raj, William A. Ackman Professor of Public Economics, Harvard University; Crawford, Symone, first-generation homeowner, and Director of STASH and Homeownership Operations, and incoming Executive Director, Massachusetts Affordable Housing Alliance; del Rio, Carlos, MD, FIDSA, Distinguished Professor of Medicine, Epidemiology and Global Health, Emory University School of Medicine; Dickerson, Matthew, Director, Grover M. Hermann Center for the Federal Budget, The Heritage Foundation; Edmonds, Michael, resident, Tucson House, City of Tucson Department of Housing and Community Development, and Secretary, Tucson House Residents Council; Galindo, Fernanda, cost-burdened renter, District of Columbia; Harrison, John, formerly experienced homelessness, and Speaker/ Advocate, National Coalition for the Homeless, and Street Outreach Navigator, Prince George's County Department of Social Services; Lee, Jan, New York City rental property owner, on behalf of the Small Property Owners of New York (SPONY); Rice, Lisa, President and CEO, National Fair Housing Alliance; Shahyd, Khalil, Managing Director, Equity, Environment and Justice Center, National Resources Defense Council. 
518 |a Date of hearing: 2021-10-21. 
588 |a Description based on online resource; title from PDF title page (govinfo, viewed Feb. 23, 2022). 
650 0 |a Housing  |z United States. 
650 0 |a Federal aid to housing  |z United States. 
655 7 |a Legislative hearings.  |2 lcgft 
776 0 8 |i Print version:  |a United States. Congress. House. Committee on Financial Services.  |t Strong foundation  |w (OCoLC)1299239785 
856 4 0 |u https://purl.fdlp.gov/GPO/gpo175243  |t 0 
999 f f |i 001bb719-150b-42ab-a446-69ff4882d2be  |s 3972adb3-8bc3-4fa5-81fa-900dad6ecc0d  |t 0 
952 f f |a Texas A&M University  |b College Station  |c Electronic Resources  |d Available Online  |t 0  |e Y 4.F 49/20:117-55  |h Superintendent of Documents classification 
998 f f |a Y 4.F 49/20:117-55  |t 0  |l Available Online